Test case sheds new light (Record no. 75474)
[ view plain ]
| 000 -LEADER | |
|---|---|
| fixed length control field | 01006cab a2200181 4500 |
| 001 - CONTROL NUMBER | |
| control field | L130161 |
| 008 - FIXED-LENGTH DATA ELEMENTS--GENERAL INFORMATION | |
| fixed length control field | 050629n2005 000 0 eng u |
| 035 ## - SYSTEM CONTROL NUMBER | |
| System control number | (Sirsi) u130161 |
| 041 ## - LANGUAGE CODE | |
| Language code of text/sound track or separate title | eng |
| 100 ## - MAIN ENTRY--PERSONAL NAME | |
| Personal name | Jansen, Mark |
| 245 ## - TITLE STATEMENT | |
| Title | Test case sheds new light |
| 260 ## - PUBLICATION, DISTRIBUTION, ETC. | |
| Date of publication, distribution, etc. | 2005 |
| 490 ## - SERIES STATEMENT | |
| Series statement | Property Week |
| Volume/sequential designation | 70(24) 17 June 2005, 62-64(3) |
| 520 ## - SUMMARY, ETC. | |
| Summary, etc. | Reports on two tests cases brought by neighbours of Land Securities' New Street Square, London scheme which will block significant amounts of daylight for some neighbouring properties. Mentions that it is extremely rare for rights of light cases to come to court and the amount of damages awarded could set an important precedent for developers. One of the cases involves law firm Kendall Freeman, together with its landlord Midtown, which is coming to trial in January 2006 unless there is a prior settlement. |
| 590 ## - LOCAL NOTE (RLIN) | |
| Local note | IKA040705 |
| 690 ## - LOCAL SUBJECT ADDED ENTRY--TOPICAL TERM (OCLC, RLIN) | |
| Topical term or geographic name as entry element | PROPERTY-PROPERTY MANAGEMENT-EASEMENTS-RIGHTS TO LIGHT DETERMINATION-RIGHTS TO LIGHT |
| 942 ## - ADDED ENTRY ELEMENTS (KOHA) | |
| Suppress in OPAC | 0 |
| Withdrawn status | Lost status | Source of classification or shelving scheme | Damaged status | Not for loan | Home library | Current library | Shelving location | Date acquired | Total Checkouts | Full call number | Barcode | Date last seen | Copy number | Price effective from | Koha item type |
|---|---|---|---|---|---|---|---|---|---|---|---|---|---|---|---|
| Dewey Decimal Classification | London | London | Journal article | 29/06/2005 | L130161 | 130161-1001 | 06/08/2019 | 1 | 06/08/2019 | Journal article |